000 00301nam a22001337a 4500
020 _a81-224-0516-9
041 _aENG
100 _aLikhi.S.K
245 _aHydrulics Laboratory Manual
260 _aNew Delhi
_bWiley Eastern Limited
_c1995
300 _a95
650 _aIDE ( 05 )
856 _uIDE ( 05 )
999 _c2794
_d2794